000 00486nam a2200157 i 4500
001 99235
003 ES-MaACL
005 20230906182450.0
007 t|
008 050906s1954 sp ||||1| spa d
100 1 _aMartín Blanco, José.
_977418
245 1 3 _aEl Derecho de Revisión de Renta en los arrendamientos rústicos /
_cJosé Martín Blanco.
260 _aMadrid :
_bRevista de Derecho Privado,
_c1954.
300 _aXV, 243 p. ;
_c23 cm.
852 _aES-MaACL
_jD-173
_bR.36670
999 _c99235
_d99235